[Event "POL-chT U18 1st"]
[Site "Poland"]
[Date "2022.06.30"]
[Round "6.4"]
[White "Oles, Mateusz"]
[Black "Brzezina, Piotr"]
[Result "0-1"]
[WhiteElo "1251"]
[BlackElo "1671"]
[PlyCount "106"]
[EventDate "2022.06.25"]
[EventType "team-swiss"]
[EventRounds "9"]
[EventCountry "POL"]
[SourceTitle "EXT 2023"]
[Source "ChessBase"]
[SourceDate "2022.10.05"]
[SourceVersion "1"]
[SourceVersionDate "2022.10.05"]
[SourceQuality "1"]
[WhiteTeam "Rybnik"]
[BlackTeam "Katowice Hetman Szopienice"]
[WhiteTeamCountry "POL"]
[BlackTeamCountry "POL"]

1. e4 c5 2. c3 Nf6 3. e5 Nd5 4. Nf3 Nc6 5. Bc4 Nb6 6. Bb3 d6 7. exd6 Qxd6 8. 0-0 e6 9. d4 cxd4 10. Nxd4 Nxd4 11. Qxd4 Qxd4 12. cxd4 Bd7 13. Nc3 Bc6 14. Bf4 Kd7 15. Rac1 Bd6 16. Bxd6 Kxd6 17. f3 Rhd8 18. Kf2 Ke7 19. Ke3 Rd7 20. Rfd1 Rad8 21. g3 a5 22. a4 g5 23. h4 gxh4 24. gxh4 Rg8 25. Rg1 Rdd8 26. Rcd1 Rc8 27. Rc1 Kd6 28. Kf4 Rg6 29. Rxg6 hxg6 30. Rh1 Nd5+ 31. Bxd5 Bxd5 32. Rc1 Kd7 33. Ke3 Rc4 34. Ra1 Rb4 35. Nxd5 exd5 36. Rc1 b6 37. Ra1 Rxb2 38. Kf4 Kd6 39. Kg5 Rd2 40. Kf6 Rxd4 41. Kxf7 Rxh4 42. Kxg6 Rf4 43. Ra3 d4 44. Kg5 Rf8 45. f4 Kc5 46. f5 Kc4 47. Rh3 d3 48. Rh7 Rd8 49. f6 d2 50. Rh4+ Kb3 51. Rh3+ Kxa4 52. Rh4+ Kb3 53. Rh3+ Kc2 0-1